| 000 | 00807nam a2200253Ia 4500 | ||
|---|---|---|---|
| 003 | IN-BaIIA | ||
| 008 | 211028s9999 xx s 000 0 eng d | ||
| 020 | _a978-3-642-32857-2 (Print) | ||
| 020 | _a978-3-642-32858-9 (Online) | ||
| 022 | _a0171-1873 (Print) | ||
| 022 | _a2197-4179 (Online) | ||
| 040 | _cIIA Library | ||
| 100 |
_aShen, Shun-Qing _939710 |
||
| 245 | 0 |
_aTopological Insulators _h[eBook] |
|
| 260 |
_aHeidelberg, Berlin _bSpringer Berlin Heidelberg _c2012 |
||
| 300 | _aOnline resource | ||
| 490 | _aSpringer Series in Solid-State Sciences | ||
| 650 | _a Optical and Electronic Materials | ||
| 650 | _a Semiconductors | ||
| 650 | _a Solid State Physics | ||
| 650 |
_aPhysics _973 |
||
| 856 |
_uhttp://doi.org/10.1007/978-3-642-32858-9 _yClick Here to Access eBook |
||
| 942 | _cEB | ||
| 999 |
_c21482 _d21482 |
||